000 00510nam a2200169 i 4500
001 50721
003 ES-MaACL
005 20230906162228.0
007 t|
008 030806s1966 sp ||||1| spa d
100 1 _aChakravarty, S.
_937809
245 1 3 _aLa lógica de la planificación de inversiones /
_cS. Chakravarty ; [traducción por Vicente Lozano].
260 _aMadrid :
_bTecnos,
_c[1966]
300 _a217 p. ;
_c24 cm.
700 1 _aLozano, Vicente.
_974430
852 _aES-MaACL
_jC-30171
_bR.60338
999 _c50721
_d50721